| 000 | 00455nam a2200157 i 4500 | ||
|---|---|---|---|
| 001 | 21650 | ||
| 003 | ES-MaACL | ||
| 005 | 20230906152524.0 | ||
| 007 | t| | ||
| 008 | 021127s1960 sp ||||1| spa d | ||
| 100 | 1 |
_aAlbi, Fernando. _919373 |
|
| 245 | 1 | 0 |
_aTratado de los modos de gestión de las Corporaciones Locales / _cFernando Albi. |
| 260 |
_aMadrid : _bAguilar, _c1960. |
||
| 300 |
_aXXXI, 771 p. ; _c25 cm. |
||
| 852 |
_aES-MaACL _jC-19199 _bR.46982 |
||
| 999 |
_c21650 _d21650 |
||